Botos Katalin (szerk.)-Kiss Gábor Dávid (szerk.)-Nagy Sándor (szerk.) Idősödés és globalizáció: Nemzetközi pénzügyi egyensúlytalanság /

Elmentve itt :
Bibliográfiai részletek
Szerző: Suti Zoltán
Dokumentumtípus: Cikk
Megjelent: 2010
Sorozat:Közép-európai közlemények 3 No. 4
Kulcsszavak:Közgazdaságtudomány, Társadalomtudomány
Online Access:http://acta.bibl.u-szeged.hu/29849
LEADER 00734nab a2200181 i 4500
001 acta29849
005 20210505153026.0
008 161017s2010 hu o 0|| hun d
022 |a 1789-6339 
040 |a SZTE Egyetemi Kiadványok Repozitórium  |b hun 
041 |a hun 
100 1 |a Suti Zoltán 
245 1 0 |a Botos Katalin (szerk.)-Kiss Gábor Dávid (szerk.)-Nagy Sándor (szerk.)  |h [elektronikus dokumentum] :  |b Idősödés és globalizáció: Nemzetközi pénzügyi egyensúlytalanság /  |c  Suti Zoltán 
260 |c 2010 
300 |a 179-180 
490 0 |a Közép-európai közlemények  |v 3 No. 4 
695 |a Közgazdaságtudomány, Társadalomtudomány 
856 4 0 |u http://acta.bibl.u-szeged.hu/29849/1/kek_011_179-180.pdf  |z Dokumentum-elérés